000 00535nam a2200181Ia 4500
005 20260415160333.0
008 008 250505s9999 xx 000 0 eng d
037 _aTextual
040 _aFEDL
_beng
_cFEDL
041 _aeng
_2eng
084 _a808.5 JOH
_qFEDL
100 _aRigg John
_9755736
245 0 _aPlatform oratory and debate for schools and colleges
260 _aLondon, UK
_bGeorge Allen and Unwin Ltd.
_c1947
300 _a125p
942 _cTEXL
_h808.5 JOH
999 _c1321818
_d1321818